| 000 | 00594nam a2200181Ia 4500 | ||
|---|---|---|---|
| 999 |
_c23414 _d23414 |
||
| 003 | OSt | ||
| 005 | 20200520133651.0 | ||
| 008 | 190216s9999||||xx |||||||||||||| ||und|| | ||
| 020 | _a9789380081243 | ||
| 040 | _coclc | ||
| 082 |
_a297.092 _bSAR/S |
||
| 100 |
_aSardar, Ziauddin _92247 |
||
| 245 | 0 |
_aSwargamthedi Oru Muslim Sandhehiyude Yathrakal = Desperately Seeking Paradise Journeys of a Sceptical Muslim / _cZiauddin Sardar |
|
| 250 | _a2nd Ed. | ||
| 260 |
_bOther Books, _c2012. _aCalicut: |
||
| 300 | _a449p | ||
| 942 |
_cBK _2ddc _h297.092 _iSAR/S _k297.092 _mSAR/S |
||